000 00637nam a22002417a 4500
003 UA-OsUOA
001 36554
007 ta
008 20060202b un ||||| |||| 00| 0 ukr d
100 _aГурська А.
090 _a7.048(477)
_bГ95
942 _cBK
040 _aUA-OsUOA
_bukr
_cUA-OsUOA
_dUA-OsUOA
245 _aМова та граматика українського орнаменту
300 _a144 с.
955 _a2
041 _aukr
080 _a7.048(477)
020 _a966-7217-7-9
260 _aК.
_c2003
650 7 _a7.0 Загальні питання мистецтва
_2UDC
999 _c322790
_d322790